NBA Coaches with at least 2 Championships - Statistics

General Stats
  • This quiz has been taken 2,618 times
  • The average score is 6 of 13
Answer Stats
Team and Year of Title # of Titles Answer % Correct
Bulls 91,92,93,96,97,98 Lakers 00,01,02,09,10 11 Phil Jackson
96%
Spurs 99,03,05,07 4 Gregg Popovich
79%
Lakers 82,85,87,88 Heat 06 5 Pat Riley
72%
Heat 12,13 2 Erik Spoelstra
70%
Celtics 57,59,60,61,62,63,64,65,66 9 Red Auerbach
50%
Pistons 89,90 2 Chuck Daly
47%
Celtics 68,69 2 Bill Russell
41%
Rockets 94,95 2 Rudy Tomjanovich
36%
Celtics 84,86 2 KC Jones
31%
Celtics 74,76 2 Tom Heinsohn
12%
Knicks 70,73 2 Red Holzman
11%
Lakers 49,50,53,53,54 5 John Kundla
6%
Hawks 58, 76ers 67 2 Alex Hannum
5%
No matching quizzes found
Score Distribution
Percent of People with Each Score
Percentile by Number Answered
Your Score History
You have not taken this quiz